000 00397nam a22001457a 4500
999 _c3639
_d234143
080 _a341 L 781
100 _aLòpez del Carril, Nelson J.
245 _aIntegraciòn Latinoamericana y Derecho Comunitario
260 _aBuenos Aires
_bAbeledo- Perrot
_c1967
300 _a65 P.
650 _xderecho comunitario
650 _xintegracion latinoamericana
942 _6_
945 _acd
_d2015-03-25